1417 1228 1105 1211 1647 1928 1250 1149 1506 1039 1933 1791 1001 1452 1774 1680 1623 1661 1953 1881 1257 1817 1472 1203 1320 1049 1197 1224 1419 1491 1888 1383 1078 1239 1915 1630 1928 1680 1413 1378 1126 1986 1268 1521 1886 1881 1182 1285 1307 1292 1644 1393 1368 1972 1956 1514 1777 1405 1709 1733 1939 1368 1877 1382 1177 1405 1597 1393 1872 1747 1713 1910 1760 1535 1240 1062 1882 1300 1085 1942 1357 1084 1146 1920 1841 1846 1927 1044 1069 1153 1847 1489 1648 1487 1472 1996 1776 1784 1557 BCNSPRNW ULIB Ver.6.0+V

เปลี่ยนเป็นภาษาไทย

Change to English
 แสดงรายละเอียดบรรณานุกรม
  กลับหน้าหลัก

Brief Record : Get Marc (ISO 2709) : E-mail record : QR code < ปิดหน้าต่าง
LEADER : 00000nam 2200000uu 4500
001    13399123350
003     ULIB
008    140825s2554||||th 000 0 tha d
020    ^a9786162025662
050    ^aLB2353^bค695ผ
100 0  ^aคณะกรรมการประกันคุณภาพการศึกษาภายในระดับอุดมศึกษา
245 00 ^aผลงานแนวปฏิบัติที่ดี (GOOD PRACTICES) ในการนำความรู้ด้านการประกันคุณภาพไปใช้ในการดำเนินกิจกรรมนิสิตนักศึกษาระดับอุดมศึกษา/^bคณะกรรมการประกันคุณภาพการศึกษาภายในระดับอุดมศึกษา
260    ^aกรุงเทพฯ :^bสำนักงานคณะกรรมการการอุดมศึกษา,^c2554
300    ^a343 หน้า ;^c24 ซม.
650  4 ^aการศึกษาขั้นอุดมศึกษา^zไทย
650  0 ^aการประกันคุณภาพการศึกษา
700 0  ^a
710 2  ^aสำนักงานมาตรฐานและประเมินผลอุดมศึกษา
710 2  ^aสำนักงานคณะกรรมการการอุดมศึกษา
945    ^p0^l0^i034642
945    ^p0^l0^i038190
999    ^aเกษร โพธิ์สุวรรณ
รายการนี้ยังไม่มีแท็ก
คุณยังไม่ได้ล็อกอิน คุณสามารถมีกิจกรรมร่วมกับเว็บไซต์ได้ แต่ต้องล็อกอินก่อน ::
  ล็อกอิน

รายการสื่อสารสนเทศ

ลำดับที่ ประเภท เลขเรียก/บาร์โค้ด สถานที่ สถานะ
1. การศึกษาทั่วไป
หนังสือสำรอง
สถานะ=หนังสือสำรอง
LB2353 ค695ผ ฉ.1 
  Barcode: 034642
ห้องสมุดวิทยาเขตสวรรค์ประชารักษ์
►หนังสือทั่วไป
บนชั้น
2. วิทยาศาสตร์การแพทย์ และสุขภาพ
วิทยาศาสตร์การแพทย์ และสุขภาพ
LB2353 ค695ผ ฉ.2 
  Barcode: 038190
ห้องสมุดวิทยาเขตสวรรค์ประชารักษ์
►หนังสือทั่วไป
บนชั้น

รายการใกล้เคียง
    หัวเรื่อง [การประกันคุณภาพการศึกษา]

BibComment


ยังไม่เคยถูกคอมเมนท์

คอมเมนท์ทรัพยากรรายการนี้
  คอมเมนท์: ผลงานแนวปฏิบัติท..


 Copyright 2026. Bcnsprnw @Library